|
|
|
|
| LEADER |
00936nam a2200241 a 4500 |
| 001 |
000670683 |
| 003 |
CZ BrMZK |
| 005 |
20090819073256.0 |
| 008 |
030520s1949 xr f cze d |
| 015 |
|
|
|a cnb000675334
|
| 035 |
|
|
|a (OCoLC)85433163
|
| 040 |
|
|
|a BOA001
|b cze
|c BOA001
|
| 100 |
1 |
|
|a Bláha, Aleš,
|d 1906-1986
|7 jk01012179
|4 aut
|
| 245 |
1 |
0 |
|a Teoretická elektrotechnika.
|n Díl 1,
|p Úvod /
|c Aleš Bláha
|
| 246 |
3 |
0 |
|a Úvod
|
| 260 |
|
|
|a V Brně :
|b Donátův fond při Vysoké škole technické v Brně,
|c 1949
|
| 300 |
|
|
|a 24, [4] s.
|
| 910 |
|
|
|a BOA001
|b PK-III-0026.312,1
|b TK-A-0031.197,1
|
| 964 |
|
|
|a Elektrotechnika teoretická - výpočty
|
| 964 |
|
|
|a Mechanika elektrotechnická - úvody
|
| 990 |
|
|
|a BK
|
| 996 |
7 |
|
|b 2629940876
|c TK-A-0031.197,1
|l MZK
|r Sklad / do 24 hodin
|n 0
|w 000670683
|u 000020
|a 1
|e BOA001
|j MZK50
|s A
|
| 996 |
7 |
|
|b 3119677746
|c PK-III-0026.312,1
|l MZK
|r Sklad / do 1 hodiny
|n 2
|w 000670683
|u 000010
|a 1
|e BOA001
|j MZK50
|s A
|